UM Logo

Classroom remedial Instruction : (Record no. 21901)

MARC details
000 -LEADER
fixed length control field 00512nam a22001337a 4500
005 - DATE AND TIME OF LATEST TRANSACTION
control field 20241216094552.0
008 - FIXED-LENGTH DATA ELEMENTS--GENERAL INFORMATION
fixed length control field 240926b |||||||| |||| 00| 0 eng d
100 ## - MAIN ENTRY--PERSONAL NAME
Personal name Nepomuceno, Alvin.
Relator term author.
9 (RLIN) 61735
245 ## - TITLE STATEMENT
Title Classroom remedial Instruction :
Remainder of title a tool for developing lifelong learners /
Statement of responsibility, etc. Alvin Nepomuceno.
260 ## - PUBLICATION, DISTRIBUTION, ETC. (IMPRINT)
Place of publication, distribution, etc. Philippines;
Name of publisher, distributor, etc. Publishers Association of the Philippines, Inc.,
Date of publication, distribution, etc. September 2018.
300 ## - PHYSICAL DESCRIPTION
Extent Volume 66, pages 149.
700 ## - ADDED ENTRY--PERSONAL NAME
Personal name Nepomuceno, Alvin.
Relator term author.
9 (RLIN) 61736
942 ## - ADDED ENTRY ELEMENTS (KOHA)
Source of classification or shelving scheme Dewey Decimal Classification
Koha item type Periodicals
Holdings
Withdrawn status Lost status Source of classification or shelving scheme Damaged status Not for loan Collection code Home library Current library Date acquired Total Checkouts Date last seen Price effective from Koha item type Public note
    Dewey Decimal Classification     Periodicals UM Digos College - LIC UM Digos College - LIC 09/26/2024   09/26/2024 09/26/2024 Periodicals Periodical Article